| 000 | 00835nam a22002657a 4500 | ||
|---|---|---|---|
| 001 | 18793 | ||
| 003 | BD-RjUL | ||
| 005 | 20211209000332.0 | ||
| 008 | 140222r20061958ii a | 001 0 eng d | ||
| 020 | _a0070281017 | ||
| 020 | _a0070582475 | ||
| 035 | _a(BD-RjUL)18851 | ||
| 040 |
_aBD-RjUL _beng _cBD-RjUL |
||
| 041 | _aeng | ||
| 082 |
_a330.182 _bHEM 2006 |
||
| 100 | 1 |
_aHenderson, James M. _957945 |
|
| 245 |
_aMicroeconomic theory : _b a mathematical approach / _cJames Mitchell Henderson and Richard E Quandt |
||
| 250 | _a3rd ed. | ||
| 260 |
_aNew Dilhi ; _aNew York : _bTata McGraw-Hill, _cc1980 [Reprinted 2006]. |
||
| 300 |
_axix, 420 p. : _bill. ; _c22 cm. |
||
| 504 | _aIncludes bibliographical references and index. | ||
| 650 | 0 |
_a Microeconomics. _957946 |
|
| 700 | 1 |
_aQuandt, Richard E. _97527 |
|
| 942 |
_2ddc _cBK _04 |
||
| 999 |
_c18793 _d18793 |
||